Chemical and functional properties of food components /

Guardado en:
Otros Autores: Sikorski, Zdzislaw E., (Editor , ed.)
Formato: Libro
Idioma:English
Publicado: Lancaster, Pa. : Technomic Pub. Co., c1997.
Materias:
Etiquetas: Agregar Etiqueta
Sin Etiquetas, Sea el primero en etiquetar este registro!
LEADER 00794cam a22002295a 4500
001 EIQ.libpla003177
008 960919s1996####paua#####b####001#0#eng#d
005 20071101155428.0
245 0 0 |a Chemical and functional properties of food components /  |c edited by Zdzislaw E. Sikorski. 
260 |a Lancaster, Pa. :  |b Technomic Pub. Co.,  |c c1997. 
300 |a xii, 293 p. :  |b il. ;  |c 22 cm. 
504 |a Incluye referencias bibliográficas e índice. 
020 |a 1566764645 
700 1 |a Sikorski, Zdzislaw E.,  |e ed.  |4 edt 
082 0 0 |a 664/.07  |2 21 
650 4 |a Alimento  |x Análisis. 
650 4 |a Alimento  |x Composición. 
650 0 |a Food  |x Analysis. 
650 0 |a Food  |x Composition. 
010 |a  96061440  
040 |a CtNmW  |c CtNmW  |d DLC  |d AR-BbSID 
859 |a AR-BbSID  |b BIB. PLAPIQUI  |h 664.07  |i Ch 94  |p 4818